000 00684nam a2200289Ia 4500
005 20260324150037.0
008 008 260324s9999 xx 000 0 eng d
020 _a9781003379447
037 _aEBOOK
040 _aCRL
040 _beng
040 _cCRL
041 _2eng
041 _aeng
084 _qCRL
100 _aJoyce Pettigrew
_91225069
245 0 _aRobber Noblemen
245 2 _bA study of the political system of the Sikh Jats
260 _bTaylor and Francis
260 _c1975
365 _a
365 _b150
856 _uhttp://www.taylorfrancis.com/books/9781003379447
942 _cEBOOK
999 _c1833860
_d1833860